Aire: competencias ambientales

Saved in:
Bibliografiske detaljer
Institution som forfatter: Comisión Nacional del Medio Ambiente (Author)
Format: Bog
Sprog:spansk
Udgivet: Santiago CONAMA 1996
Serier:Estudios de Legislación Ambiental. Serie Jurídica, 3
Fag:
Tags: Tilføj Tag
Ingen Tags, Vær først til at tagge denne postø!

MARC

LEADER 00000nam a2200000 a 4500
001 UCS5174
003 CL-VaPUC
008 970830e19960000CL |||||||||||||||||spa|d
082 0 4 |a 344.046  |b COM  |2 21 
110 2 |a Comisión Nacional del Medio Ambiente  |e author  |9 390992 
245 1 0 |a Aire: competencias ambientales 
300 |a 22 p 
942 |c BK 
945 |d 19970830 00:00:00  |a rleighto 
260 |a Santiago  |b CONAMA  |c 1996 
650 7 |a LEGISLACION AMBIENTAL  |2 CL-VaPUC  |9 390993 
650 0 |a Aire  |9 261540 
650 0 |a Medio ambiente  |9 257625 
650 0 |a Protección del medio ambiente  |9 257626 
650 7 |a CALIDAD DEL AIRE  |2 CL-VaPUC  |9 390994 
583 |a last modification  |c 19970830 00:00:00  |k Rodrigo Vera 
490 0 |a Estudios de Legislación Ambiental. Serie Jurídica, 3 
999 |c 261803  |d 261801 
952 |0 0  |1 0  |4 0  |6 344_046000000000000_COM_1996  |7 0  |8 P  |9 289614  |a BIBDER  |b BIBDER  |d 2019-11-19  |i 3658651  |o 344.046 COM 1996  |p 3658651  |r 2023-01-25  |w 2019-11-19  |y BK  |k DER